[Event "Tarragona-ch"]
[Site "Tarragona"]
[Date "2003.??.??"]
[Round "4"]
[White "Balada Reverte, Marc"]
[Black "Amigo Villalta, Jordi"]
[Result "0-1"]
[WhiteElo "2010"]
[BlackElo "2240"]
[PlyCount "78"]
[EventDate "2003.??.??"]
[EventType "swiss"]
[EventRounds "9"]
[EventCountry "ESP"]
[SourceTitle "EXT 2007"]
[Source "ChessBase"]
[SourceDate "2006.11.23"]
[SourceVersion "1"]
[SourceVersionDate "2006.11.23"]
[SourceQuality "1"]

1. d4 Nf6 2. Nf3 e6 3. e3 b6 4. Bd3 Bb7 5. 0-0 Be7 6. Nbd2 d6 7. Re1 Nbd7 8. e4 e5 9. d5 0-0 10. Nb3 c6 11. c4 Rc8 12. Bd2 Ba6 13. Qe2 Rc7 14. Rac1 Ne8 15. a4 g6 16. Bh6 Ng7 17. a5 c5 18. axb6 axb6 19. Ra1 Bb7 20. Qc2 Nf6 21. Nc1 Ng4 22. Bxg7 Kxg7 23. Ne2 Nh6 24. Ng3 Bc8 25. Ra8 Bh4 26. b3 Bxg3 27. fxg3 f5 28. exf5 gxf5 29. Nh4 Qg5 30. Nf3 Qf6 31. Nh4 Rcf7 32. Be2 f4 33. Rf1 Bf5 34. Nxf5+ Nxf5 35. Rxf8 Rxf8 36. Qc3 Nd4 37. Bd1 e4 38. Kh1 Qg5 39. h4 fxg3 0-1

[Event "Tarragona-ch"]
[Site "Tarragona"]
[Date "2003.??.??"]
[Round "6"]
[White "Balada Reverte, Marc"]
[Black "Salvat Duch, Carlos Enric"]
[Result "1-0"]
[WhiteElo "2010"]
[BlackElo "1990"]
[PlyCount "33"]
[EventDate "2003.??.??"]
[EventType "swiss"]
[EventRounds "9"]
[EventCountry "ESP"]
[SourceTitle "EXT 2007"]
[Source "ChessBase"]
[SourceDate "2006.11.23"]
[SourceVersion "1"]
[SourceVersionDate "2006.11.23"]
[SourceQuality "1"]

1. d4 Nf6 2. Nf3 e6 3. e3 c5 4. c3 Nc6 5. Bd3 d5 6. 0-0 Bd6 7. Nbd2 Qc7 8. dxc5 Bxc5 9. e4 Bd7 10. exd5 Nxd5 11. Ne4 Bb6 12. Neg5 h6 13. Ne4 0-0-0 14. Bc4 Nf4 15. Nd6+ Kb8 16. Bxf4 g5 17. Bg3 1-0

[Event "Tarragona-ch"]
[Site "Tarragona"]
[Date "2003.??.??"]
[Round "7"]
[White "Mestieri Rius, Gabriel"]
[Black "Balada Reverte, Marc"]
[Result "1-0"]
[WhiteElo "2095"]
[BlackElo "2010"]
[PlyCount "37"]
[EventDate "2003.??.??"]
[EventType "swiss"]
[EventRounds "9"]
[EventCountry "ESP"]
[SourceTitle "EXT 2007"]
[Source "ChessBase"]
[SourceDate "2006.11.23"]
[SourceVersion "1"]
[SourceVersionDate "2006.11.23"]
[SourceQuality "1"]

1. e4 e6 2. d4 d5 3. Nc3 Nf6 4. Bg5 Be7 5. e5 Nfd7 6. h4 Bxg5 7. hxg5 Qxg5 8. Nh3 Qe7 9. Qg4 g6 10. 0-0-0 Nb6 11. Nf4 Nc6 12. Bb5 Bd7 13. Rh6 0-0-0 14. Rdh1 Nxd4 15. Nxg6 fxg6 16. Qxd4 Qg5+ 17. f4 Qxg2 18. Rg1 Qf3 19. Be2 1-0